Datum a čas kvízu

27 Celkem bodů Celkový počet nahraných bodů na tomto kvízu bez doplňovacích otázek.
5. Pořadí na kvízu Konečné umístění týmu na tomto kvízu.

Zaznamenané odpovědi

# Otázka Odpověď Body Výsledky
1. Minulý týden byli jmenováni dv... D 0
2. Státníci kterých dvou zemí si... Japonsko (premiérka), Jižní Korea (prezident) 0.5
3. Minulý týden bylo oznámeno jmé... o Hanse Zimmera 0
4. Mladoboleslavská automobilka p... Epiq; Peaq 0.5
5. Stáj formule 1 Red Bull minulý... Martin Šonka 1
6. Vaším úkolem v tématu bude odh... červená, žlutá 1
7. Teď se podíváme na domácí fotb... tři 0
8. Pojďme na hokej. Olomoucký koh... červenou 0
9. Na základě zobrazených barev l... New York Knicks 0
10. Které americké město oslavuje... Pittsburgh 0